000 00762cam a22002411 4500
001 sa 66005900
003 DLC
005 20260227112252.0
008 750930s1961 xx 000 0 eng
010 _asa 66005900
035 _a(OCoLC)1664367
040 _aDLC
_cViU
_dDLC
042 _apremarc
050 0 0 _aTX551
_b.R16 1961
100 2 _aRadhakrishna Rao, Mattergunta Venkata,
_d1903-
245 1 0 _aDiet manual;
_ba compilation of diets recommended in health and disease,
_cby M. V. Radhakrishna Rao.
250 _a2d ed.
260 _a[Bombay,
_bDirector, Govt. Print. and Stationery, Maharashtra State,
_c1961]
300 _aii, 206 p. 25 cm.
500 _aAt head of title: Govt. of Maharashtra.
650 0 _aDiet.
650 0 _aDiet in disease.
999 _c70194
_d70194